Statystyki dla Trenerzy na Mistrzostwach Świata 2014

Kliknij tutaj aby rozwiązać quiz!

Ogólne statystyki

  • Ten quiz został rozwiązany 35 razy
  • Średni wynik to 11 z 32

Statystyki odpowiedzi

ReprezentacjaTrener% Poprawnych
NiemcyJoachim Löw
97%
HolandiaLouis van Gaal
81%
HiszpaniaVicente del Bosque
81%
BrazyliaLuiz Felipe Scolari
72%
GrecjaFernando Santos
69%
FrancjaDidier Deschamps
66%
AngliaRoy Hodgson
56%
UrugwajÓscar Tabárez
47%
PortugaliaPaulo Bento
47%
RosjaFabio Capello
44%
KolumbiaJosé Néstor Pekerman
44%
WłochyCesare Prandelli
41%
ChileJorge Sampaoli
41%
Stany ZjednoczoneJürgen Klinsmann
38%
IranCarlos Queiroz
34%
BelgiaMarc Wilmots
34%
ArgentynaAlejandro Sabella
31%
ChorwacjaNiko Kovač
28%
MeksykMiguel Herrera
19%
SzwajcariaOttmar Hitzfeld
19%
AustraliaAnge Postecoglou
16%
EkwadorReinaldo Rueda
16%
JaponiaAlberto Zaccheroni
13%
Bośnia i HercegowinaSafet Sušić
13%
Korea PołudniowaHong Myung-bo
9%
GhanaJames Kwesi Appiah
9%
HondurasLuis Fernando Suárez
9%
KamerunVolker Finke
9%
Wybrzeże Kości SłoniowejSabri Lamouchi
6%
NigeriaStephen Keshi
6%
KostarykaJorge Luis Pinto
3%
AlgieriaVahid Halilhodžić
3%

Rozkład punktacji

Percentyl według liczby udzielonych odpowiedzi

Procent ludzi z każdym wynikiem

Twoja historia wyników

Nie rozwiązałeś tego quizu